| 000 | 00387nam a22001457a 4500 | ||
|---|---|---|---|
| 003 | SISC | ||
| 005 | 20170530155532.0 | ||
| 008 | 170530b xxu||||| |||| 00| 0 eng d | ||
| 020 | _a9781308815794 | ||
| 050 |
_aQE 31 _b.Ea12 2016 |
||
| 245 | _aEarth & life science / | ||
| 260 |
_aNew York : _bMcGraw Hill; _c2016. |
||
| 300 |
_av, 811 pages : _billustrations ; _c24 cm. |
||
| 942 |
_2lcc _cBK |
||
| 999 |
_c335192 _d335192 |
||